000 04048nam a22006375i 4500
001 978-3-319-47154-9
003 DE-He213
005 20210118123851.0
007 cr nn 008mamaa
008 161003s2017 gw | s |||| 0|eng d
020 _a9783319471549
_9978-3-319-47154-9
024 7 _a10.1007/978-3-319-47154-9
_2doi
050 4 _aQ342
072 7 _aUYQ
_2bicssc
072 7 _aTEC009000
_2bisacsh
072 7 _aUYQ
_2thema
082 0 4 _a006.3
_223
245 1 0 _aInnovations in Biomedical Engineering
_h[electronic resource] /
_cedited by Marek Gzik, Ewaryst Tkacz, Zbigniew Paszenda, Ewa Piętka.
250 _a1st ed. 2017.
264 1 _aCham :
_bSpringer International Publishing :
_bImprint: Springer,
_c2017.
300 _aXIX, 340 p. 199 illus.
_bonline resource.
336 _atext
_btxt
_2rdacontent
337 _acomputer
_bc
_2rdamedia
338 _aonline resource
_bcr
_2rdacarrier
347 _atext file
_bPDF
_2rda
490 1 _aAdvances in Intelligent Systems and Computing,
_x2194-5357 ;
_v526
520 _aThis book presents the proceedings of the “Innovations in Biomedical Engineering IBE’2016” Conference held on October 16–18, 2016 in Poland, discussing recent research on innovations in biomedical engineering. The past decade has seen the dynamic development of more and more sophisticated technologies, including biotechnologies, and more general technologies applied in the area of life sciences. As such the book covers the broadest possible spectrum of subjects related to biomedical engineering innovations. Divided into four parts, it presents state-of-the-art achievements in: • engineering of biomaterials, • modelling and simulations in biomechanics, • informatics in medicine • signal analysis The book helps bridge the gap between technological and methodological engineering achievements on the one hand and clinical requirements in the three major areas diagnosis, therapy and rehabilitation on the other. .
650 0 _aComputational intelligence.
650 0 _aBiomedical engineering.
650 0 _aHealth informatics.
650 0 _aArtificial intelligence.
650 1 4 _aComputational Intelligence.
_0http://scigraph.springernature.com/things/product-market-codes/T11014
650 2 4 _aBiomedical Engineering and Bioengineering.
_0http://scigraph.springernature.com/things/product-market-codes/T2700X
650 2 4 _aHealth Informatics.
_0http://scigraph.springernature.com/things/product-market-codes/H28009
650 2 4 _aHealth Informatics.
_0http://scigraph.springernature.com/things/product-market-codes/I23060
650 2 4 _aArtificial Intelligence.
_0http://scigraph.springernature.com/things/product-market-codes/I21000
700 1 _aGzik, Marek.
_eeditor.
_4edt
_4http://id.loc.gov/vocabulary/relators/edt
700 1 _aTkacz, Ewaryst.
_eeditor.
_4edt
_4http://id.loc.gov/vocabulary/relators/edt
700 1 _aPaszenda, Zbigniew.
_eeditor.
_4edt
_4http://id.loc.gov/vocabulary/relators/edt
700 1 _aPiętka, Ewa.
_eeditor.
_4edt
_4http://id.loc.gov/vocabulary/relators/edt
710 2 _aSpringerLink (Online service)
773 0 _tSpringer eBooks
776 0 8 _iPrinted edition:
_z9783319471532
776 0 8 _iPrinted edition:
_z9783319471556
830 0 _aAdvances in Intelligent Systems and Computing,
_x2194-5357 ;
_v526
856 4 0 _uhttps://doi.org/10.1007/978-3-319-47154-9
912 _aZDB-2-ENG
999 _c446292
_d446292
942 _cEB
506 _aAvailable to subscribing member institutions only. Доступно лише організаціям членам підписки.
506 _fOnline access from local network of NaUOA.
506 _fOnline access with authorization at https://link.springer.com/
506 _fОнлайн-доступ з локальної мережі НаУОА.
506 _fОнлайн доступ з авторизацією на https://link.springer.com/